[Event "Warsaw Superbet Blitz"]
[Site "Warsaw"]
[Date "2024.05.12"]
[Round "10"]
[White "Praggnanandhaa, Rameshbabu"]
[Black "Duda, Jan Krzysztof"]
[Result "1/2-1/2"]
[WhiteElo "2747"]
[BlackElo "2734"]
[PlyCount "112"]
[EventDate "2024.05.11"]
[EventType "tourn (blitz)"]
[EventRounds "18"]
[EventCountry "POL"]
[EventCategory "20"]
[SourceTitle "CB20_2024"]
[SourceDate "2024.05.16"]
[SourceVersion "1"]
[SourceVersionDate "2024.05.16"]
[SourceQuality "1"]

1. e4 c5 2. Nf3 d6 3. Nc3 Nf6 4. d4 cxd4 5. Qxd4 a6 6. Nd5 Nbd7 7. Bg5 e6 8. Nxf6+ Nxf6 9. 0-0-0 Be7 10. e5 dxe5 11. Qxe5 Bd7 12. Bc4 h6 13. Bh4 b5 14. Bb3 a5 15. a4 Qb6 16. Qd4 Qxd4 17. Rxd4 Bc5 18. axb5 Bxd4 19. Nxd4 0-0 20. Bxf6 a4 21. Bxg7 Kxg7 22. Bc4 Rfc8 23. Be2 a3 24. bxa3 e5 25. Nb3 Bf5 26. c4 Rxa3 27. Kb2 Rca8 28. Kc3 Ra2 29. Re1 R8a3 30. Bd1 Kf6 31. Re2 Rxe2 32. Bxe2 Ra2 33. Bd3 e4 34. Bb1 Rxf2 35. b6 Rxg2 36. b7 Rg8 37. c5 Ke5 38. Na5 Kd5 39. Kb4 e3 40. Ba2+ Ke4 41. Bc4 Ke5 42. Nc6+ Kf4 43. Ne7 Rb8 44. c6 Be4 45. Kc5 Rxb7 46. cxb7 Bxb7 47. Kd4 Kf3 48. Bxf7 e2 49. Bh5+ Kf2 50. Bxe2 Kxe2 51. Ke5 Kf3 52. h4 Kg4 53. Nf5 h5 54. Kf6 Bc8 55. Ng7 Kxh4 56. Nxh5 Kxh5 1/2-1/2

[Event "Warsaw Superbet Blitz"]
[Site "Warsaw"]
[Date "2024.05.11"]
[Round "1"]
[White "Duda, Jan Krzysztof"]
[Black "Praggnanandhaa, Rameshbabu"]
[Result "0-1"]
[WhiteElo "2734"]
[BlackElo "2747"]
[PlyCount "64"]
[EventDate "2024.05.11"]
[EventType "tourn (blitz)"]
[EventRounds "18"]
[EventCountry "POL"]
[EventCategory "20"]
[SourceTitle "CB20_2024"]
[SourceDate "2024.05.16"]
[SourceVersion "1"]
[SourceVersionDate "2024.05.16"]
[SourceQuality "1"]

1. d4 Nf6 2. c4 e6 3. Nf3 Bb4+ 4. Bd2 Qe7 5. g3 Bxd2+ 6. Nbxd2 d6 7. Bg2 0-0 8. 0-0 e5 9. e4 a5 10. h3 Nc6 11. d5 Nb4 12. a3 Na6 13. b4 Bd7 14. Qb3 c6 15. Rfc1 axb4 16. axb4 c5 17. b5 Nb4 18. Ne1 h5 19. h4 Ng4 20. Nd3 Nxd3 21. Qxd3 Qf6 22. f3 Nh6 23. Qe3 Kh7 24. Kh2 Rg8 25. Qg5 Qd8 26. Rxa8 Qxa8 27. Qe7 Qd8 28. Qxd6 g5 29. Bh3 gxh4 30. Qxe5 Bxh3 31. Kxh3 Rxg3+ 32. Kh2 Qd7 0-1

[Event "Warsaw Superbet Rapid"]
[Site "Warsaw"]
[Date "2024.05.09"]
[Round "5"]
[White "Wei, Yi"]
[Black "Duda, Jan Krzysztof"]
[Result "1-0"]
[WhiteElo "2755"]
[BlackElo "2734"]
[PlyCount "55"]
[EventDate "2024.05.08"]
[EventType "tourn (rapid)"]
[EventRounds "9"]
[EventCountry "POL"]
[EventCategory "20"]
[SourceTitle "CB20_2024"]
[SourceDate "2024.05.16"]
[SourceVersion "1"]
[SourceVersionDate "2024.05.16"]
[SourceQuality "1"]

1. e4 e5 2. Nf3 Nc6 3. Bc4 Bc5 4. c3 Nf6 5. d3 d6 6. Bg5 h6 7. Bh4 a6 8. Nbd2 Ba7 9. a4 Qe7 10. 0-0 g5 11. Bg3 Nh7 12. b4 h5 13. h4 g4 14. Ne1 Nf8 15. b5 Na5 16. Bd5 c6 17. Ba2 Ng6 18. Rb1 axb5 19. axb5 cxb5 20. Rxb5 Nc6 21. Nc4 0-0 22. Qd2 Kg7 23. d4 f5 24. exf5 Bxf5 25. Ne3 Be4 26. Bd5 exd4 27. cxd4 Rae8 28. N1c2 1-0

[Event "Chess.com Classic Play In"]
[Site "Chess.com INT"]
[Date "2024.05.08"]
[Round "5"]
[White "Duda, Jan Krzysztof"]
[Black "Henriquez Villagra, Cristobal"]
[Result "1-0"]
[WhiteElo "2734"]
[BlackElo "2589"]
[PlyCount "123"]
[EventDate "2024.05.08"]
[EventType "swiss (rapid)"]
[EventRounds "9"]
[EventCountry "USA"]
[SourceTitle "CB20_2024"]
[SourceDate "2024.05.16"]
[SourceVersion "1"]
[SourceVersionDate "2024.05.16"]
[SourceQuality "1"]

1. d4 d5 2. c4 e6 3. Nf3 c6 4. Nbd2 Nd7 5. e4 dxe4 6. Nxe4 Ngf6 7. Bd3 c5 8. Bf4 cxd4 9. Nd6+ Bxd6 10. Bxd6 Qb6 11. Ba3 Nc5 12. Bc2 d3 13. Bxd3 Qa5+ 14. Kf1 0-0 15. Bc2 Rd8 16. Qe1 Qa6 17. Ne5 b6 18. h4 Bb7 19. Kg1 Ncd7 20. Be7 Nxe5 21. Qxe5 Qxc4 22. Bxd8 Rxd8 23. Bb3 Qc6 24. f3 h6 25. Qe3 Ng4 26. Qc3 Qxc3 27. bxc3 Nf6 28. Kh2 Rc8 29. Rac1 Kf8 30. Rhd1 Ke7 31. Ba4 Rc5 32. Kg3 g5 33. hxg5 hxg5 34. Rd4 Bd5 35. c4 Ba8 36. Rcd1 Bc6 37. Bxc6 Rxc6 38. R1d3 e5 39. Re3 Rc5 40. Kf2 Ra5 41. Rd2 Rc5 42. Ra3 a5 43. Rb3 Nd7 44. Rbd3 Nf6 45. Rd6 Rxc4 46. Rxb6 Ra4 47. Rb7+ Ke6 48. Rc2 Ne8 49. Rb6+ Ke7 50. Re2 f6 51. Rd2 Ra3 52. Ra6 Ra4 53. Kg3 Kf7 54. Ra8 Ke7 55. Rad8 f5 56. R8d5 e4 57. Rxf5 exf3 58. gxf3 g4 59. fxg4 Nd6 60. Re2+ Kd7 61. Rf4 Ra3+ 62. Kh4 1-0

[Event "Chess.com Classic Play In"]
[Site "Chess.com INT"]
[Date "2024.05.08"]
[Round "7"]
[White "Duda, Jan Krzysztof"]
[Black "Vachier Lagrave, Maxime"]
[Result "0-1"]
[WhiteElo "2734"]
[BlackElo "2732"]
[PlyCount "156"]
[EventDate "2024.05.08"]
[EventType "swiss (rapid)"]
[EventRounds "9"]
[EventCountry "USA"]
[SourceTitle "CB20_2024"]
[SourceDate "2024.05.16"]
[SourceVersion "1"]
[SourceVersionDate "2024.05.16"]
[SourceQuality "1"]

1. d4 Nf6 2. c4 g6 3. Nc3 d5 4. cxd5 Nxd5 5. e4 Nxc3 6. bxc3 Bg7 7. Bc4 c5 8. Ne2 0-0 9. 0-0 Nc6 10. Be3 b6 11. Qd2 Bb7 12. Rac1 e6 13. f3 Rc8 14. h4 cxd4 15. cxd4 Qd6 16. h5 Rfd8 17. h6 Bxd4 18. Nxd4 Nxd4 19. Qf2 e5 20. f4 exf4 21. Bxf4 Qf6 22. e5 Qf5 23. e6 fxe6 24. Qe3 Rxc4 25. Rxc4 Qd5 26. Rf2 Qxc4 27. Qe5 Nf5 28. Kh2 Qe4 29. Qc7 Rc8 30. Qd7 Qd5 31. Rd2 Qxd7 32. Rxd7 Bd5 33. Bg5 Bc6 34. Rxa7 Ra8 35. Rc7 Bd5 36. Rd7 Bxg2 37. Kxg2 Rxa2+ 38. Kf3 Ra8 39. Ke4 b5 40. Ke5 Rb8 41. Bf4 b4 42. Kf6 Rf8+ 43. Kxe6 b3 44. Be5 Re8+ 45. Kf6 Nxh6 46. Bc3 Nf5 47. Rb7 Rc8 48. Rxb3 Rc6+ 49. Ke5 h5 50. Rb8+ Kh7 51. Rb7+ Kg8 52. Bd2 Nd6 53. Rb8+ Kf7 54. Bf4 Ra6 55. Rd8 Nc4+ 56. Kd4 Nb6 57. Ke4 Ra4+ 58. Kf3 Nc4 59. Rd7+ Ke6 60. Rg7 Kf6 61. Rg8 Ra7 62. Rf8+ Rf7 63. Rc8 Ne5+ 64. Ke4 Re7 65. Rf8+ Nf7+ 66. Kf3 g5 67. Bd2 Kf5 68. Bc1 h4 69. Bd2 g4+ 70. Kf2 Rd7 71. Be3 Ke4 72. Bc5 Ne5 73. Re8 Rd2+ 74. Ke1 Rd5 75. Bf2 g3 76. Rh8 Kf3 77. Rf8+ Kg2 78. Be3 Ng4 0-1

[Event "Chess.com Classic Play In"]
[Site "Chess.com INT"]
[Date "2024.05.08"]
[Round "8"]
[White "Duda, Jan Krzysztof"]
[Black "Warmerdam, Max"]
[Result "1-0"]
[WhiteElo "2734"]
[BlackElo "2652"]
[PlyCount "87"]
[EventDate "2024.05.08"]
[EventType "swiss (rapid)"]
[EventRounds "9"]
[EventCountry "USA"]
[SourceTitle "CB20_2024"]
[SourceDate "2024.05.16"]
[SourceVersion "1"]
[SourceVersionDate "2024.05.16"]
[SourceQuality "1"]

1. Nf3 Nf6 2. c4 g6 3. Nc3 Bg7 4. e4 d6 5. d4 0-0 6. Be2 e5 7. 0-0 exd4 8. Nxd4 Re8 9. f3 c6 10. Nc2 Na6 11. Kh1 h6 12. Be3 d5 13. cxd5 cxd5 14. Bxa6 bxa6 15. exd5 Bf5 16. Bd4 Bxc2 17. Qxc2 Nxd5 18. Bxg7 Ne3 19. Qf2 Kxg7 20. Rfe1 Qb6 21. Ne4 Nf5 22. Kg1 Rac8 23. Rac1 Red8 24. b3 h5 25. Rc4 Kf8 26. Rec1 Rxc4 27. bxc4 Qxf2+ 28. Kxf2 Nd6 29. Nxd6 Rxd6 30. c5 Rd5 31. c6 Rd8 32. Ke3 Ke7 33. Ke4 Ke6 34. h4 Rc8 35. c7 a5 36. g4 a4 37. Kf4 Kd7 38. Kg5 a3 39. Kf6 Kd6 40. Kxf7 g5 41. hxg5 h4 42. g6 h3 43. g7 h2 44. g8Q 1-0

[Event "Chess.com Classic Play In"]
[Site "Chess.com INT"]
[Date "2024.05.08"]
[Round "6"]
[White "Kozak, Adam"]
[Black "Duda, Jan Krzysztof"]
[Result "1/2-1/2"]
[WhiteElo "2607"]
[BlackElo "2734"]
[PlyCount "84"]
[EventDate "2024.05.08"]
[EventType "swiss (rapid)"]
[EventRounds "9"]
[EventCountry "USA"]
[SourceTitle "CB20_2024"]
[SourceDate "2024.05.16"]
[SourceVersion "1"]
[SourceVersionDate "2024.05.16"]
[SourceQuality "1"]

1. d4 Nf6 2. c4 e6 3. Nf3 b6 4. g3 Ba6 5. Nbd2 c5 6. Bg2 Nc6 7. dxc5 bxc5 8. b3 Be7 9. Bb2 Rc8 10. Ne5 Nb8 11. 0-0 d6 12. Nd3 0-0 13. Rc1 Nbd7 14. Ne4 Nxe4 15. Bxe4 f5 16. Bg2 Bg5 17. Rc2 Qe7 18. e4 f4 19. Nxf4 Bxf4 20. gxf4 Rxf4 21. Rd2 Bb7 22. Rxd6 Nf8 23. Be5 Rf7 24. Bg3 e5 25. Bh3 Re8 26. Re1 h5 27. f3 h4 28. Bf2 Bc8 29. Bxc8 Rxc8 30. Kh1 Ne6 31. Bxh4 Qxh4 32. Rxe6 Rxf3 33. Rxe5 Rd8 34. Qxf3 Qxe1+ 35. Kg2 Qd2+ 36. Qf2 Qd1 37. Rd5 Qg4+ 38. Qg3 Qxe4+ 39. Qf3 Qg6+ 40. Qg3 Qe4+ 41. Qf3 Qg6+ 42. Qg3 Qe4+ 1/2-1/2

[Event "Chess.com Classic Play In"]
[Site "Chess.com INT"]
[Date "2024.05.08"]
[Round "4"]
[White "Oparin, Grigoriy"]
[Black "Duda, Jan Krzysztof"]
[Result "1/2-1/2"]
[WhiteElo "2676"]
[BlackElo "2734"]
[PlyCount "87"]
[EventDate "2024.05.08"]
[EventType "swiss (rapid)"]
[EventRounds "9"]
[EventCountry "USA"]
[SourceTitle "CB20_2024"]
[SourceDate "2024.05.16"]
[SourceVersion "1"]
[SourceVersionDate "2024.05.16"]
[SourceQuality "1"]

1. d4 Nf6 2. c4 g6 3. Nc3 d5 4. cxd5 Nxd5 5. e4 Nxc3 6. bxc3 Bg7 7. Bc4 c5 8. Ne2 Nc6 9. Be3 0-0 10. 0-0 e6 11. Qd2 b6 12. Rac1 Bb7 13. Rfd1 Rc8 14. f3 Na5 15. Bd3 Bc6 16. Bh6 Ba4 17. Re1 Qd7 18. h4 cxd4 19. Bxg7 Kxg7 20. cxd4 Bb5 21. h5 Bxd3 22. h6+ Kg8 23. Qxd3 Qe7 24. d5 Nb7 25. Qd4 e5 26. Qe3 Nd6 27. Rxc8 Rxc8 28. Rc1 Rxc1+ 29. Qxc1 f5 30. Ng3 Kf7 31. Qc6 Kf6 32. exf5 gxf5 33. Nh5+ Kg6 34. Ng7 e4 35. Ne8 Qxe8 36. Qxd6+ Kg5 37. Qg3+ Kxh6 38. f4 Qg6 39. Qh4+ Kg7 40. Qe7+ Qf7 41. Qg5+ Qg6 42. Qe7+ Qf7 43. Qg5+ Qg6 44. Qe7+ 1/2-1/2

[Event "Titled Tuesday intern op 30th Apr Early"]
[Site "Chess.com INT"]
[Date "2024.04.30"]
[Round "10"]
[White "Salinas Herrera, Pablo Patricio"]
[Black "Duda, Jan Krzysztof"]
[Result "0-1"]
[WhiteElo "2487"]
[BlackElo "2731"]
[PlyCount "44"]
[EventDate "2024.04.30"]
[EventType "swiss (blitz)"]
[EventRounds "11"]
[EventCountry "USA"]
[SourceTitle "CB19_2024"]
[SourceDate "2024.05.08"]
[SourceVersion "1"]
[SourceVersionDate "2024.05.08"]
[SourceQuality "1"]

1. e4 d5 2. exd5 Qxd5 3. Nc3 Qe5+ 4. Nge2 Nf6 5. g3 c6 6. Bg2 Na6 7. 0-0 Qh5 8. Re1 Bh3 9. Bh1 Bg4 10. b4 0-0-0 11. Rb1 Nc7 12. d3 Bf3 13. Bxf3 Qxf3 14. Be3 b6 15. a4 e5 16. a5 Kb7 17. axb6 axb6 18. b5 c5 19. Ra1 h5 20. Ra4 h4 21. Qa1 h3 22. Ra7+ Kb8 0-1

[Event "Titled Tuesday intern op 30th Apr Early"]
[Site "Chess.com INT"]
[Date "2024.04.30"]
[Round "7"]
[White "Yoo, Christopher Woojin"]
[Black "Duda, Jan Krzysztof"]
[Result "1/2-1/2"]
[WhiteElo "2583"]
[BlackElo "2731"]
[PlyCount "222"]
[EventDate "2024.04.30"]
[EventType "swiss (blitz)"]
[EventRounds "11"]
[EventCountry "USA"]
[SourceTitle "CB19_2024"]
[SourceDate "2024.05.08"]
[SourceVersion "1"]
[SourceVersionDate "2024.05.08"]
[SourceQuality "1"]

1. e4 c5 2. Nf3 d6 3. d4 cxd4 4. Nxd4 Nf6 5. Nc3 a6 6. Bg5 e6 7. f4 Qb6 8. Qd2 Qxb2 9. Rb1 Qa3 10. f5 Be7 11. fxe6 Bxe6 12. Nxe6 fxe6 13. Bc4 Nbd7 14. Bxe6 Nc5 15. Bf5 g6 16. Bh3 Nfxe4 17. Nxe4 Nxe4 18. Qd4 Qc3+ 19. Qxc3 Nxc3 20. Bxe7 Kxe7 21. Rxb7+ Kf6 22. Rf1+ Kg5 23. Kd2 Ne4+ 24. Kc1 h5 25. Re1 Rae8 26. Bd7 Re7 27. Rb6 Rxd7 28. Rxe4 Rf8 29. Re2 a5 30. Rd2 Rf1+ 31. Kb2 Rh1 32. h3 Rg1 33. Rb5+ Kf4 34. Rxa5 d5 35. Ra3 d4 36. Rb3 g5 37. Rf2+ Ke4 38. Re2+ Kd5 39. Rb5+ Kc4 40. Ree5 Rc7 41. Rxg5 d3 42. cxd3+ Kxd3 43. Rbd5+ Ke4 44. Rge5+ Kf4 45. Re2 h4 46. Rd4+ Kg5 47. Rg4+ Kf5 48. Rxh4 Rb7+ 49. Kc2 Rc7+ 50. Kd2 Rd7+ 51. Ke3 Re7+ 52. Kf3 Rxe2 53. g4+ Kg5 54. Rh5+ Kg6 55. Kxe2 Rg2+ 56. Kf3 Rxa2 57. Kg3 Ra3+ 58. Kh4 Ra8 59. Rb5 Ra3 60. Rb6+ Kg7 61. g5 Ra4+ 62. Kh5 Ra7 63. h4 Rc7 64. Rb4 Ra7 65. Kg4 Rc7 66. h5 Ra7 67. h6+ Kh7 68. Kh5 Ra5 69. Rb7+ Kh8 70. Rf7 Rb5 71. Kg6 Rb6+ 72. Rf6 Rb8 73. h7 Rc8 74. Kh6 Rc6 75. Kg6 Rc8 76. Re6 Rc6 77. Kf7 Rc7+ 78. Re7 Rc5 79. Re8+ Kxh7 80. g6+ Kh6 81. Rh8+ Kg5 82. g7 Rc7+ 83. Kf8 Rc8+ 84. Kf7 Rc7+ 85. Kf8 Rc8+ 86. Ke7 Rc7+ 87. Ke6 Rxg7 88. Rh1 Kg6 89. Rg1+ Kh6 90. Rh1+ Kg6 91. Rg1+ Kh6 92. Rd1 Kg6 93. Rd2 Kh6 94. Kf6 Rg6+ 95. Kf5 Rg5+ 96. Kf4 Kg6 97. Rd6+ Kh5 98. Rd8 Rg4+ 99. Kf5 Kh4 100. Rh8+ Kg3 101. Rh1 Ra4 102. Rg1+ Kf2 103. Rg8 Ke3 104. Re8+ Kf3 105. Rb8 Rf4+ 106. Ke5 Re4+ 107. Kd5 Ra4 108. Rb3+ Kf4 109. Rb1 Kf5 110. Rf1+ Rf4 111. Rxf4+ Kxf4 1/2-1/2

[Event "Titled Tuesday intern op 23rd Apr Late"]
[Site "Chess.com INT"]
[Date "2024.04.23"]
[Round "8"]
[White "Duda, Jan Krzysztof"]
[Black "Kim, Noah"]
[Result "0-1"]
[WhiteElo "2731"]
[BlackElo "1944"]
[PlyCount "62"]
[EventDate "2024.04.23"]
[EventType "swiss (blitz)"]
[EventRounds "11"]
[EventCountry "USA"]
[SourceTitle "CB18_2024"]
[SourceDate "2024.05.01"]
[SourceVersion "1"]
[SourceVersionDate "2024.05.01"]
[SourceQuality "2"]

1. d4 Nf6 2. c4 g6 3. Nc3 Bg7 4. e4 d6 5. h4 0-0 6. Be2 c5 7. d5 e6 8. h5 exd5 9. exd5 Re8 10. h6 Bh8 11. Kf1 Ne4 12. Nxe4 Rxe4 13. Bd3 Re8 14. Qc2 Nd7 15. Nf3 Ne5 16. Nxe5 Bxe5 17. Bd2 Qf6 18. Re1 Bd7 19. Bc1 Bd4 20. Be4 Rxe4 21. Rxe4 Bf5 22. f3 Bxe4 23. Qxe4 Bxb2 24. Bxb2 Qxb2 25. Rh4 Qf6 26. a4 Kf8 27. Rf4 Qa1+ 28. Kf2 Re8 29. Rxf7+ Kxf7 30. Qf4+ Qf6 31. Qe5 Rxe5 0-1

[Event "Titled Tuesday intern op 16th Apr Late"]
[Site "Chess.com INT"]
[Date "2024.04.16"]
[Round "1"]
[White "Karas, Marek"]
[Black "Duda, Jan Krzysztof"]
[Result "0-1"]
[WhiteElo "2164"]
[BlackElo "2731"]
[PlyCount "80"]
[EventDate "2024.04.16"]
[EventType "swiss (blitz)"]
[EventRounds "11"]
[EventCountry "USA"]
[SourceTitle "CB17_2024"]
[SourceDate "2024.04.24"]
[SourceVersion "1"]
[SourceVersionDate "2024.04.24"]
[SourceQuality "1"]

1. d4 d5 2. Nf3 Nf6 3. c4 dxc4 4. e3 b5 5. a4 b4 6. Bxc4 e6 7. 0-0 Bb7 8. Be2 a5 9. Nbd2 Nbd7 10. Nc4 Be7 11. Nfe5 c5 12. Bf3 Qc8 13. b3 cxd4 14. Nxd7 Nxd7 15. Bxb7 Qxb7 16. Qxd4 f6 17. Nd6+ Bxd6 18. Qxd6 Ra6 19. Qd4 Kf7 20. Rd1 Nb6 21. Bb2 e5 22. Qd3 h5 23. Qb5 Ra7 24. Rac1 Re8 25. Rd6 Nc8 26. Qc4+ Kf8 27. Rc6 Ne7 28. Rc5 Rd8 29. h3 Qa8 30. f4 Rd2 31. Qf1 Rxb2 32. fxe5 f5 33. e6 Kg8 34. R5c2 Rxc2 35. Rxc2 Qe4 36. Rc4 Qxe3+ 37. Kh1 Qxe6 38. Qc1 Rd7 39. Rc5 Rd5 40. Rc7 Qd6 0-1

[Event "Titled Tuesday intern op 16th Apr Early"]
[Site "Chess.com INT"]
[Date "2024.04.16"]
[Round "6"]
[White "Rakhmatullaev, Almas"]
[Black "Duda, Jan Krzysztof"]
[Result "1-0"]
[WhiteElo "2425"]
[BlackElo "2731"]
[PlyCount "87"]
[EventDate "2024.04.16"]
[EventType "swiss (blitz)"]
[EventRounds "11"]
[EventCountry "USA"]
[SourceTitle "CB17_2024"]
[SourceDate "2024.04.24"]
[SourceVersion "1"]
[SourceVersionDate "2024.04.24"]
[SourceQuality "1"]

1. e4 e6 2. d4 d5 3. Nc3 Nf6 4. Qd3 c5 5. dxc5 Bxc5 6. Nf3 Ng4 7. Be3 Nxe3 8. fxe3 dxe4 9. Qxe4 Nd7 10. 0-0-0 0-0 11. Kb1 Qe7 12. Bd3 f5 13. Qf4 Bd6 14. Qd4 Nf6 15. e4 Bc5 16. Qc4 b5 17. Qxb5 a6 18. Qc4 Rb8 19. e5 Ng4 20. Qf4 Rb4 21. Qd2 Nf2 22. Rhf1 Nxd1 23. Nxd1 Bb7 24. Ng5 h6 25. Nh3 g5 26. Nhf2 Bxg2 27. Rg1 Qb7 28. c3 Rh4 29. Bc2 Bd5 30. Ne3 Rb8 31. b3 Rxh2 32. Nxd5 Qxd5 33. Rxg5+ hxg5 34. Qxg5+ Kh8 35. Qf6+ Kh7 36. Ng4 Rh1+ 37. Kb2 Qd7 38. Qg5 Kh8 39. Nf6 Qg7 40. Qf4 Rb6 41. Qc4 Rh4 42. Qxc5 Rb7 43. Qc8+ Qf8 44. Qxf8# 1-0

[Event "Titled Tuesday intern op 02nd Apr Late"]
[Site "Chess.com INT"]
[Date "2024.04.02"]
[Round "7"]
[White "Duda, Jan Krzysztof"]
[Black "Bortnyk, Olexandr"]
[Result "0-1"]
[WhiteElo "2731"]
[BlackElo "2608"]
[PlyCount "84"]
[EventDate "2024.04.02"]
[EventType "swiss (blitz)"]
[EventRounds "11"]
[EventCountry "USA"]
[SourceTitle "CB15_2024"]
[SourceDate "2024.04.10"]
[SourceVersion "1"]
[SourceVersionDate "2024.04.10"]
[SourceQuality "1"]

1. e4 Nf6 2. e5 Nd5 3. d4 d6 4. c4 Nb6 5. exd6 exd6 6. Nc3 Be7 7. Bd3 0-0 8. Nge2 c6 9. Qc2 g6 10. Be3 Na6 11. a3 d5 12. c5 Nd7 13. b4 Nc7 14. 0-0 Re8 15. Rfe1 Nf8 16. a4 Bf6 17. b5 Nfe6 18. Rab1 Ng7 19. Ng3 h5 20. h3 h4 21. Nf1 Nf5 22. Ne2 Nxe3 23. fxe3 Ne6 24. Kh1 Qa5 25. Bxg6 Ng5 26. Bf5 Ne4 27. Bxc8 Raxc8 28. bxc6 bxc6 29. Rec1 Bg5 30. Rb7 Qa6 31. Rcb1 Re6 32. Nc3 Rf6 33. Nxe4 Rxf1+ 34. Kh2 Bxe3 35. Rxf1 Qxf1 36. Rb1 Qf4+ 37. g3 Qxe4 38. Qd1 hxg3+ 39. Kxg3 Bxd4 40. Rb3 Re8 41. a5 Bxc5 42. a6 Re6 0-1